Том 8: История машиностроения и транспорта; Труды института истории естествознания и техники; Труды института истории естествознания и техники; История плуга в России; Железнодорожные станции и узлы; Производственно-техническая терминология русского морского судостроения XVIII века; "Водоходные" суда в России в начале XVIII века; Работы Д. И. Менделеева в области воздухоплавания и метеорологии; Учение о машинах в русской научно-технической литературе периода мануфактурной техники; Учение о деталях машин; К истории машиностроительного чертежа в России во второй половине XIX и начале XX века; "Самобеглая коляска" Л. Л. Шамшуренкова; Профессор А. С. Ершов; Отечественные сельскохозяйственные машины и орудия на выставках в России; А. Н. Хитрин; Сведения о первых палубных судах в России; К истории металлорежущего инструмента
| Parent link: | Труды института истории естествознания и техники/ Академия наук СССР (АН СССР), Институт истории естествознания и техники (ИИЕТ АН СССР) ; Редакционная коллегия: гл. ред. А. М. Самарин ; ред. В. А. Голубцова ; В. П. Зубов ; И. В. Кузнецов ; Б. С. Сотин ; Н. А. Фигуровский ; С. В. Шухардин ; А. П. Юшкевич. Том 8: История машиностроения и транспорта.— , 1954- |
|---|---|
| Tác giả khác: | |
| Ngôn ngữ: | Tiếng Nga |
| Được phát hành: |
1956
|
| TOC: | Академия наук СССР (АН СССР), Институт истории естествознания и техники (ИИЕТ АН СССР) ; Редакционная коллегия: гл. ред. А. М. Самарин ; ред. В. А. Голубцова ; В. П. Зубов ; И. В. Кузнецов ; Б. С. Сотин ; Н. А. Фигуровский ; С. В. Шухардин ; А. П. Юшкевич, Труды института истории естествознания и техники; П. И. Минин, История плуга в России; С. В. Земблинов, Железнодорожные станции и узлы; Н. И. Барбашев, Производственно-техническая терминология русского морского судостроения XVIII века; С. В. Даниличев, "Водоходные" суда в России в начале XVIII века; Б. Н. Воробьев, Работы Д. И. Менделеева в области воздухоплавания и метеорологии; А. А. Дорогов, Учение о машинах в русской научно-технической литературе периода мануфактурной техники; В. И. Прокофьев, Учение о деталях машин; А. А. Кузин, К истории машиностроительного чертежа в России во второй половине XIX и начале XX века; Е. И. Гагарин, "Самобеглая коляска" Л. Л. Шамшуренкова; В. И. Прокофьев, Профессор А. С. Ершов; П. И. Минин, Отечественные сельскохозяйственные машины и орудия на выставках в России; В. Г. Пленков, А. Н. Хитрин; С. В. Даниличев, Сведения о первых палубных судах в России; А. И. Черепнев, К истории металлорежущего инструмента; |
| Những chủ đề: | |
| Định dạng: | MixedMaterials Sách |
| KOHA link: | https://koha.lib.tpu.ru/cgi-bin/koha/opac-detail.pl?biblionumber=315371 |
MARC
| LEADER | 00000nam2a2200000 4500 | ||
|---|---|---|---|
| 001 | 315371 | ||
| 005 | 20231102002754.0 | ||
| 010 | |b 2000 экз. | ||
| 035 | |a (RuTPU)RU\TPU\book\340806 | ||
| 035 | |a RU\TPU\book\340801 | ||
| 090 | |a 315371 | ||
| 100 | |a 20160229d1956 k y0rusy50 ca | ||
| 101 | 0 | |a rus | |
| 102 | |a RU | ||
| 105 | |a a z 001zd | ||
| 200 | 0 | |a Том 8: История машиностроения и транспорта |f под ред. А. А. Чеканов | |
| 210 | |d 1956 | ||
| 215 | |a 260 с. |c ил. | ||
| 320 | |a Библиогр. в конце ст. | ||
| 461 | 1 | |0 (RuTPU)RU\TPU\book\340678 |t Труды института истории естествознания и техники |f Академия наук СССР (АН СССР), Институт истории естествознания и техники (ИИЕТ АН СССР) ; Редакционная коллегия: гл. ред. А. М. Самарин ; ред. В. А. Голубцова ; В. П. Зубов ; И. В. Кузнецов ; Б. С. Сотин ; Н. А. Фигуровский ; С. В. Шухардин ; А. П. Юшкевич |v Том 8: История машиностроения и транспорта |d 1954- | |
| 464 | 1 | |0 (RuTPU)RU\TPU\book\340678 |t Труды института истории естествознания и техники |f Академия наук СССР (АН СССР), Институт истории естествознания и техники (ИИЕТ АН СССР) ; Редакционная коллегия: гл. ред. А. М. Самарин ; ред. В. А. Голубцова ; В. П. Зубов ; И. В. Кузнецов ; Б. С. Сотин ; Н. А. Фигуровский ; С. В. Шухардин ; А. П. Юшкевич |v Том 8: История машиностроения и транспорта |d 1954- | |
| 464 | |t История плуга в России |f П. И. Минин | ||
| 464 | |t Железнодорожные станции и узлы |f С. В. Земблинов | ||
| 464 | |t Производственно-техническая терминология русского морского судостроения XVIII века |f Н. И. Барбашев | ||
| 464 | |t "Водоходные" суда в России в начале XVIII века |f С. В. Даниличев | ||
| 464 | |t Работы Д. И. Менделеева в области воздухоплавания и метеорологии |f Б. Н. Воробьев | ||
| 464 | |t Учение о машинах в русской научно-технической литературе периода мануфактурной техники |f А. А. Дорогов | ||
| 464 | |t Учение о деталях машин |f В. И. Прокофьев | ||
| 464 | |t К истории машиностроительного чертежа в России во второй половине XIX и начале XX века |f А. А. Кузин | ||
| 464 | |t "Самобеглая коляска" Л. Л. Шамшуренкова |f Е. И. Гагарин | ||
| 464 | |t Профессор А. С. Ершов |f В. И. Прокофьев | ||
| 464 | |t Отечественные сельскохозяйственные машины и орудия на выставках в России |f П. И. Минин | ||
| 464 | |t А. Н. Хитрин |f В. Г. Пленков | ||
| 464 | |t Сведения о первых палубных судах в России |f С. В. Даниличев | ||
| 464 | |t К истории металлорежущего инструмента |f А. И. Черепнев | ||
| 600 | 1 | |a Менделеев |g Дмитрий Иванович |b Д. И. |c учёный-энциклопедист, химик, педагог |f 1834-1907 |c член-корреспондент Петербургской АН |2 stltpush |3 (RuTPU)RU\TPU\pers\1367 | |
| 600 | 1 | |a Ершов |b А. С. |c русский механик |c преподаватель Московского университета |f 1818-1867 |g Александр Степанович |2 stltpush |3 (RuTPU)RU\TPU\pers\23143 |9 9975 | |
| 606 | |a Транспортное машиностроение |2 stltpush |3 (RuTPU)RU\TPU\subj\61315 |9 78513 | ||
| 606 | |a Машиностроение |2 stltpush |3 (RuTPU)RU\TPU\subj\71949 |9 85607 | ||
| 610 | 1 | |a железнодорожный транспорт | |
| 610 | 1 | |a плуги | |
| 610 | 1 | |a судостроение | |
| 610 | 1 | |a воздухоплавание | |
| 610 | 1 | |a детали машин | |
| 610 | 1 | |a сельскохозяйственная техника | |
| 610 | 1 | |a металлорежущие инструменты | |
| 610 | 1 | |a история | |
| 675 | |a 656 |v 4 | ||
| 675 | |a 621.002 |v 4 | ||
| 702 | 1 | |a Чеканов |b А. А. |4 340 | |
| 801 | 1 | |a RU |b 63413507 |c 20160226 | |
| 801 | 2 | |a RU |b 63413507 |c 20190802 |g RCR | |
| 942 | |c BK | ||